Responses for show #7832 - Tuesday, October 2, 2018

Contestants

[<< previous game]

Kirsten Morry, a lawyer from St. John's, Newfoundland and Labrador, Canada

Cody Landis, a registered nurse from New York, New York

Doug Dodson, a classical singer from Boston, Massachusetts (whose 1-day cash winnings total $16,000)

[next game >>]

Jeopardy! Round responses

OCTOBER OBSERVANCES
SAILING INTO HISTORY
PORTUGUESE PRIMER
GEMS & JEWELS
WEIRD AL-CHEMY
(Alex: We'll give you a Weird Al song, and you tell us the artist it parodies.)
AT THE ZOO
    $200 7
Apple Day

Doug
    $200 12
(Kirsten: What is the Santa Maria?)

the NiƱa

DougKirsten
    $200 6
the afternoon

Doug
    $200 21
pearl

Cody
    $200 26
Madonna

Cody
    $200 1
a kiwi

Doug
    $400 8
(Mohandas) Gandhi

Cody
    $400 13
the Lusitania

Kirsten
    $400 17
a bullfight

Cody
    $400 22
a diamond

Doug
    $400 27
Michael Jackson

Doug
    $400 2
the San Diego Zoo

Doug
    $600 9
St. Francis

Cody
    $600 14
Old Ironsides (or Constitution)

Doug
    $600 18
suntan lotion or sunscreen

Cody
    $600 23
aquamarine

Doug
    $600 28
Green Day

Kirsten
    $600 3
tortoises

Cody
    $800 10
Korean

Doug
    $800 15
the Potemkin

Cody
    $800 19
happy Easter

Doug
    $800 24
citrine

Cody
    $800 29
Joan Jett

Cody
    $1,000 4
the Berlin Zoo

Cody
    $1000 11
mental health

Doug
    $1000 16
Queen Anne's Revenge

Cody
    $1000 20
(Kirsten: What is homesickness?)

nostalgia

Kirsten
Triple Stumper
    $1000 25
Amethyst

Kirsten
    $1000 30
Huey Lewis (and The News)

Doug
    $1000 5
a liger

Cody

Scores at the first commercial break (after clue 15):

Doug Cody Kirsten
$3,600 $4,400 $200

Scores at the end of the Jeopardy! Round:

Doug Cody Kirsten
$6,800 $8,400 $800

Double Jeopardy! Round responses

FRENCH ARTISTS
A LITTLE DRY
LARGEST CITIES
THE BROADWAY PLAY'S PREMIERE CAST
BOOKS OF THE 1940s
AFTER THE ZOO
(Alex: Each correct response will be a word that comes after the word "zoo" in the dictionary.)
    $400 25
Monet

Doug
    $400 20
a martini

Doug
    $400 10
Portland

Kirsten
    $400 7
Amadeus

Cody
    $400 1
Siam

Cody
    $400 3
a zucchini

Doug
    $800 26
(Cody: What is Classicism?)

Neoclassicism

DougCody
    $800 21
dehydration

Doug
    $800 9
Birmingham

Doug
    $800 8
One Flew Over the Cuckoo's Nest

Triple Stumper
    $800 2
Goodnight Moon

Doug
    $800 14
Zurich

Doug
    $1200 27
(Kirsten: What is Mannerism?)

Rococo

Kirsten
Triple Stumper
    $1200 22
a dry rub

Cody
    $1200 6
Munich

Kirsten
    $1200 18
A Raisin in the Sun

Cody
    $1200 11
(Kirsten: What is baccarat?)

canasta

Kirsten
Triple Stumper
    $3,000 15
a zygote

Doug
    $1600 28
(Kirsten: Who is Joan of Arc?)

Liberty Leading the People

Kirsten
Triple Stumper
    $1600 23
a dry T-shirt contest

Kirsten
    $1600 5
(Doug: What is Paraguay?)

Ecuador

DougCody
    $1600 19
M. Butterfly

Doug
    $2,000 12
A Tree Grows in Brooklyn

Kirsten
    $1600 16
the Zuni

Cody
    $2000 29
(Cody: Who is Picasso?)
...
[The end-of-round signal sounds.]

Marcel Duchamp

Cody
Triple Stumper
    $2000 24
a dry fly

Doug
    $2000 4
(Doug: What is Christiana?)
(Kirsten: What is Margareta?)

Charlotte Amalie

DougKirsten
Triple Stumper
    $2000 13
The Plague

Kirsten
    $2000 17
a zori

Triple Stumper

Scores at the end of the Double Jeopardy! Round:

Doug Cody Kirsten
$15,000 $12,000 $2,000

[wagering suggestions for these scores]

Final Jeopardy! Round responses

OSCAR HYPHENATES
[As Doug's response is revealed, Doug turns to the side and then to the front repeatedly.]
(Alex: Is that your robots?)
(Doug: That's gonna go viral. You just wait.)
(Alex: Yeah, okay. Correct response: who is [*]? He wrote--co-wrote Good Will Hunting, that great tender film, and produced Argo.)
KirstenWho is Day-Lewis?
$2,000
CodyWho is ?
$7,999
DougWho is backrolls?
$9,001
Ben Affleck

Final scores:

Doug Cody Kirsten
$5,999 $4,001 $0
2-day champion: $21,999 2nd place: $2,000 3rd place: $1,000

Game dynamics:

Coryat scores:

Doug Cody Kirsten
$13,200 $11,800 $1,600
24 R
(including 1 DD),
2 W
19 R
(including 1 DD),
2 W
8 R
(including 1 DD),
6 W

Combined Coryat: $26,600

The J! Archive is created by fans, for fans. The Jeopardy! game show and all elements thereof, including but not limited to copyright and trademark thereto, are the property of Jeopardy Productions, Inc. and are protected under law. This website is not affiliated with, sponsored by, or operated by Jeopardy Productions, Inc. Join the discussion at JBoard.tv.